Poema Pedagógico. (Segunda Parte)

Guardat en:
Dades bibliogràfiques
Autor principal: Makarenko, A.
Format: Llibre
Idioma:Undetermined
Publicat: Moscú, Rusia Progreso [s.f.]
Matèries:
Etiquetes: Afegir etiqueta
Sense etiquetes, Sigues el primer a etiquetar aquest registre!

MARC

LEADER 00000nam a2200000Ia 4500
008 170316s9999 xx 000 0 und d
040 |a cru BVZT 
090 |a 891 M-1p 
100 |a Makarenko, A. 
245 |a Poema Pedagógico. (Segunda Parte) 
260 |a Moscú, Rusia 
260 |b Progreso 
260 |c [s.f.] 
300 |a 204 páginas 
650 |a LITERATURA RUSA 
999 |c 12072  |d 12072 
942 |c 15 D  |h 891 M-1p  |2 z